TÒA ÁN CÔNG LÝ QUỐC TẾ

Đã lưu trong:
书目详细资料
主要作者: NGUYỄN HỒNG THAO
格式: 图书
语言:Vietnamese
出版: HANOI 2011
主题:
标签: 添加标签
没有标签, 成为第一个标记此记录!
Thư viện lưu trữ: Mạng thư viện Đại học Đà Nẵng
LEADER 00624nam a22002171a 4500
001 000034200
003 10392
005 20151027131611.0
008 151027s2011 000 vie
082 |a 495.923  |b NG-T 
100 |a NGUYỄN HỒNG THAO 
245 |a TÒA ÁN CÔNG LÝ QUỐC TẾ  |c NGUYỄN HỒNG THAO 
260 |a HANOI  |c 2011 
300 |a 355tr. : ill ; 30cm 
650 |a TÒA ÁN CÔNG LÝ QUỐC TẾ, TÒA ÁN , CÔNG LÝ, TÒA ÁN CÔNG LÝ 
OWN |a LNN 
999 |a From the UDN01 
TYP |a Monograph 
980 |a Mạng thư viện Đại học Đà Nẵng